书目信息 |
| 题名: |
基于区域协调发展的空港网络优化配置研究
|
|
| 作者: | 管驰明 著 | |
| 分册: | ||
| 出版信息: | 北京 科学出版社 2014 |
|
| 页数: | 139页 | |
| 开本: | 24cm | |
| 丛书名: | ||
| 单 册: | ||
| 中图分类: | F127 , F562.3 | |
| 科图分类: | ||
| 主题词: | 机场--资源优化--关系--区域经济发展--协调发展--研究--中国 , 机场 , 资源优化 , 区域经济发展 , 协调发展 | |
| 电子资源: | ||
| ISBN: | 978-7-03-038925-1 | |
| 000 | 01138nam0 2200301 450 | |
| 001 | 519 | |
| 005 | 20140908162018.81 | |
| 010 | @a978-7-03-038925-1@dCNY49.00 | |
| 100 | @a20140425d2014 em y0chiy50 ea | |
| 101 | 0 | @achi |
| 102 | @aCN@b110000 | |
| 105 | @ay z 000yy | |
| 106 | @ar | |
| 200 | 1 | @a基于区域协调发展的空港网络优化配置研究@AJi Yu Qu Yu Xie Diao Fa Zhan De Kong Gang Wang Luo You Hua Pei Zhi Yan Jiu@f管驰明著@FGuan Chi Ming Zhu |
| 210 | @a北京@c科学出版社@d2014 | |
| 215 | @a139页@d24cm | |
| 300 | @a国家自然科学基金项目 东南大学经济管理学院985三期建设 东南大学优秀青年教师教学科研资助计划资助 | |
| 330 | @a本书主要探讨空港网络资源与区域经济发展的互动关系,在此基础上寻求区域协调发展导向的空港资源整合模式,从梳理空港与区域发展的互动关系入手,分析空港与区域经济发展互动的机制及路径。 | |
| 606 | 0 | @a机场@x资源优化@x关系@x区域经济发展@x协调发展@x研究@y中国 |
| 606 | 0 | @a机场 |
| 606 | 0 | @a资源优化 |
| 606 | 0 | @a区域经济发展 |
| 606 | 0 | @a协调发展 |
| 690 | @aF127@v5 | |
| 690 | @aF562.3@v5 | |
| 701 | 0 | @a管驰明@AGuan Chi Ming@4著 |
| 801 | 0 | @aCN@bTANGWEI@c20140603 |
| 905 | @b0838045-47@dF127@e212@f3 | |
| 基于区域协调发展的空港网络优化配置研究/管驰明著.-北京:科学出版社,2014 |
| 139页;24cm |
| 国家自然科学基金项目 东南大学经济管理学院985三期建设 东南大学优秀青年教师教学科研资助计划资助 |
| ISBN 978-7-03-038925-1:CNY49.00 |
| 本书主要探讨空港网络资源与区域经济发展的互动关系,在此基础上寻求区域协调发展导向的空港资源整合模式,从梳理空港与区域发展的互动关系入手,分析空港与区域经济发展互动的机制及路径。 |
| ● |
| 相关链接 |
|
|
|
|
正题名:基于区域协调发展的空港网络优化配置研究
索取号:F127/212
 
预约/预借
| 序号 | 登录号 | 条形码 | 馆藏地/架位号 | 状态 | 备注 |
| 1 | 0838045 | 208380456 | 第一样本阅览室/ [索取号:F127/212] | 在馆 | |
| 2 | 0838046 | 208380465 | 第一借阅区/ [索取号:F127/212] | 在馆 | |
| 3 | 0838047 | 208380474 | 密集书库-海洋学院/ [索取号:F127/212] | 在馆 |